000 00594nam a22002177a 4500
003 UA-OsUOA
001 95017
007 ta
008 20130220b un ||||| |||| 00| 0 ukr d
100 _aБогдан Т.П.
090 _a330(477)
_bБ73
942 _cSA
040 _aUA-OsUOA
_bukr
_cUA-OsUOA
_dUA-OsUOA
245 _aБоргова політика держави в умовах глобальної нестабільності
300 _aС.4-18
955 _a0
041 _aukr
080 _a330(477)
773 0 _w95015
650 7 _a330 Економіка взагалі
_2UDC
999 _c381263
_d381263